| 000 | 00740cab a2200229 4500 | ||
|---|---|---|---|
| 001 | WB3341-21 | ||
| 008 | 090401t1997 xxu||||| |||| 00| 0 eng d | ||
| 035 | _a(Sirsi) u81550 | ||
| 041 | _aeng | ||
| 245 | _aExtra waste management inspections | ||
| 260 | _c1997 | ||
| 350 | _a0 | ||
| 490 |
_aThe Waste Manager _vOctober 1997, 4(1) |
||
| 520 | _aThe Environment Agency is to carry out an extra 30,000 annual inspections of waste management sites, as one of ten performance targets announced at its AGM. | ||
| 650 | _aENVIRONMENT AGENCY | ||
| 650 | _aPERFORMANCE TARGETS | ||
| 650 | _aWASTE MANAGEMENT LICENSES | ||
| 650 | _aWASTE MANAGEMENT | ||
| 690 | _aENVIRONMENTAL AND LAND CONSULTANCY | ||
| 942 | _n0 | ||
| 948 | _c21/10/1997 | ||
| 999 |
_c51383 _d51383 |
||